La ciudad latinoamericana: desde el periodo indígena hasta hoy
Сохранить в:
| Главные авторы: | , |
|---|---|
| Формат: | |
| Язык: | испанский |
| Опубликовано: |
Bogotá
Vicens Vives
2014
|
| Редактирование: | 1a. ed |
| Серии: | Biblioteca de Estudios Latinoamericanos, 5
|
| Предметы: | |
| Метки: |
Добавить метку
Нет меток, Требуется 1-ая метка записи!
|
MARC
| LEADER | 00000cam a2200000 a 4500 | ||
|---|---|---|---|
| 001 | UCC3706 | ||
| 003 | CL-VaPUC | ||
| 008 | 180531e20140000ck |||||||||||||||||spa|d | ||
| 020 | |a 9789588421346 | ||
| 082 | 0 | 4 | |a 980 |b JIM |2 21 |
| 100 | 0 | |a Jiménez Jiménez, Catalina |e author |9 597799 | |
| 700 | 0 | |a Hurtado Beltrán, Mario Fernando |e author |9 597800 | |
| 245 | 1 | 3 | |a La ciudad latinoamericana: desde el periodo indígena hasta hoy |
| 250 | |a 1a. ed | ||
| 300 | |a 157 p | ||
| 942 | |c BK | ||
| 945 | |d 20180531 16:15:00 |a arojas | ||
| 260 | |a Bogotá |b Vicens Vives |c 2014 | ||
| 650 | 0 | |a Colonialismo |9 316469 | |
| 650 | 0 | |a Historia de América Latina |9 421031 | |
| 650 | 0 | |a Cartografía |9 266055 | |
| 650 | 0 | |a Ciudades |9 265474 | |
| 583 | |a last modification |c 20180531 16:15:00 |k Rodrigo Vera | ||
| 490 | 0 | |a Biblioteca de Estudios Latinoamericanos, 5 | |
| 999 | |c 371397 |d 371395 | ||